000 00783nam a2200241Ia 4500
003 OSt
005 20220923212411.0
006 a|||||r|||| 00| 0
007 ta
008 220922b |||||||| |||| 00| 0 hin d
024 _a152,615
037 _cTextual
040 _aARTS
_cARTS
_bhin
041 _2hin
_ahin
082 _aN82xM60j, 152K6
100 _aचिंचोरे, प्रभाकर, संपा.
245 0 _aभातखण्डे स्मृति ग्रंथ
246 _aBhātakhaṇḍe smṛuti grantha
260 _c1966
490 _aग्रंथमाला क्रमांक; 2
942 _hN82xM60j, 152K6
_cTEXL
_2CC
999 _c308264
_d308264